George Muller : (Record no. 10439)

MARC details
000 -LEADER
fixed length control field 01282cam a2200337Ia 4500
001 - CONTROL NUMBER
control field 42873782
003 - CONTROL NUMBER IDENTIFIER
control field OCoLC
005 - DATE AND TIME OF LATEST TRANSACTION
control field 20241126110732.0
008 - FIXED-LENGTH DATA ELEMENTS--GENERAL INFORMATION
fixed length control field 991123s1999 wau 000 0 eng d
020 ## - INTERNATIONAL STANDARD BOOK NUMBER
International Standard Book Number 1576581454
020 ## - INTERNATIONAL STANDARD BOOK NUMBER
International Standard Book Number 9781576581452
035 ## - SYSTEM CONTROL NUMBER
System control number (OCoLC)42873782
040 ## - CATALOGING SOURCE
Original cataloging agency TCA
Transcribing agency TCA
Modifying agency BAKER
-- BTCTA
-- OCLCG
-- FHP
082 ## - DEWEY DECIMAL CLASSIFICATION NUMBER
Classification number 266.0092
Item number BEN
092 ## - LOCALLY ASSIGNED DEWEY CALL NUMBER (OCLC)
Classification number BIO MULLE
100 1# - MAIN ENTRY--PERSONAL NAME
Personal name Benge, Janet,
Dates associated with a name 1958-
9 (RLIN) 17368
245 10 - TITLE STATEMENT
Title George Muller :
Remainder of title the guardian of Bristol's orphans /
Statement of responsibility, etc. Janet and Geoff Benge
260 ## - PUBLICATION, DISTRIBUTION, ETC.
Place of publication, distribution, etc. Seattle, WA :
Name of publisher, distributor, etc. YWAM Pub.,
Date of publication, distribution, etc. c1999
300 ## - PHYSICAL DESCRIPTION
Extent 205 p. :
Other physical details map ;
Dimensions 21 cm
490 0# - SERIES STATEMENT
Series statement Christian heroes, then & now
504 ## - BIBLIOGRAPHY, ETC. NOTE
Bibliography, etc. note Includes bibliographical references (p. 204)
520 ## - SUMMARY, ETC.
Summary, etc. A biography of English evangelist and philanthropist, George Muller, who established orphanages in Bristol that ultimately cared for thousand of children
521 0# - TARGET AUDIENCE NOTE
Target audience note 6.6
600 10 - SUBJECT ADDED ENTRY--PERSONAL NAME
Personal name M©ơller, George,
Dates associated with a name 1805-1898
Form subdivision Juvenile literature
9 (RLIN) 18151
650 #0 - SUBJECT ADDED ENTRY--TOPICAL TERM
Topical term or geographic name entry element Plymouth Brethren
Form subdivision Biography
-- Juvenile literature
9 (RLIN) 18152
650 #0 - SUBJECT ADDED ENTRY--TOPICAL TERM
Topical term or geographic name entry element Orphanages
Geographic subdivision Great Britain
Form subdivision Juvenile literature
9 (RLIN) 18153
651 #0 - SUBJECT ADDED ENTRY--GEOGRAPHIC NAME
Geographic name Bristol (England)
Form subdivision Biography
-- Juvenile literature
9 (RLIN) 18154
655 #0 - INDEX TERM--GENRE/FORM
Genre/form data or focus term Biography
9 (RLIN) 5066
700 1# - ADDED ENTRY--PERSONAL NAME
Personal name Benge, Geoff,
Dates associated with a name 1954-
9 (RLIN) 17373
942 ## - ADDED ENTRY ELEMENTS (KOHA)
Source of classification or shelving scheme Dewey Decimal Classification
Koha item type Books
Holdings
Withdrawn status Lost status Source of classification or shelving scheme Damaged status Not for loan Home library Current Library Shelving location Date acquired Total checkouts Full call number Barcode Date last seen Date last checked out Copy number Price effective from Koha item type
    Dewey Decimal Classification     GRACE BIBLE COLLEGE GRACE BIBLE COLLEGE Ministry & Mission 2024-07-18 1 266.0092 BEN 016960 2025-08-07 2025-08-01 c.1 2024-07-18 Books
© Grace Bible College Library 2025